00457nam a2200193 a 4500001001300000003000900013005001700022008004100039020001000080082001600090100001700106245001800123260002800141300000800169500003500177505001000212650002400222700001700246nice12345678IN_TiNIC20260116012156.0050524s0000 hyda grp 000 0 eng  ac10000a248.32bSIN aSingh, Bakht aMuch Business aHyderabadbHebronc0000 a13p aincludes index and biblioraphy2 aIndex aPrayer-Christianity1 aSingh, Bakht